Les ONG américaines en Afrique (Record no. 5417)
| 000 -GUIDE | |
|---|---|
| Champ de contrôle de longueur fixe | 00930nam a22002417a 4500 |
| 003 - IDENTITÉ DU NUMÉRO DE CONTRÔLE | |
| Champ de contrôle | BI-BuBU |
| 008 - ÉLÉMENTS DE LONGUEUR FIXE - RENSEIGNEMENTS GÉNÉRAUX | |
| Champ de contrôle de longueur fixe | 100420t fr ||||dr|||| 000 0dfre d |
| 020 ## - INTERNATIONAL STANDARD BOOK NUMBER | |
| ISBN | 978867386053 |
| 039 ## - NIVEAU DE CONTRÔLE BIBLIOGRAPHIQUE ET HISTORIQUE D'ENCODAGE [OBSOLETE] | |
| Date creation | amn |
| 040 ## - SOURCE DU CATALOGAGE | |
| Organisme qui a effectué le catalogage original | BI-BuBU |
| Code de la langue utilisée dans le catalogage | fre |
| Organisme qui a effectué la transcription | BI-BuBU |
| 080 ## - INDICE DE LA CLASSIFICATION DÉCIMALE UNIVERSELLE (CDU) | |
| Indice de la Classification décimale universelle | 341. 1. |
| 100 1# - VEDETTE PRINCIPALE - NOM DE PERSONNE | |
| Code de relation | aut |
| Nom de personne | Maradeix, Marie-Stéphane |
| 245 14 - MENTION DU TITRE | |
| Titre | Les ONG américaines en Afrique |
| Reste du titre | activités et perspectives de 30 organisations non gouvernementales |
| Mention de responsabilité, etc. | Marie-Stéphane Maradieux, préf. de Jean-Marie Hatton |
| 260 ## - PUBLICATION, DIFFUSION, ETC. (ADRESSE BIBLIOGRAPHIQUE) | |
| Lieu de publication, diffusion, etc. | Paris |
| Nom de l'éditeur, diffuseur, etc. | Syros-Alternatives |
| Date of publication, distribution, etc | 1990 |
| 300 ## - DESCRIPTION MATÉRIELLE | |
| Collation | 141p. |
| Dimensions | 22Cm. |
| 440 ## - MENTION DE COLLECTION / VEDETTE SECONDAIRE DE TITRE | |
| Titre | Coll. ateliers du développement |
| Numéro de volume et/ou désignation d'ordre séquentiel | 144 |
| 9 (RLIN) | 19859 |
| 504 ## - NOTE DE BIBLIOGRAPHIE ET INDEX. | |
| Note de bibliographie et index. | Bibliogr. |
| 650 ## - VEDETTE-MATIÈRE - NOM COMMUN | |
| Source du terme | BI-BuBU |
| Vedette de sujet ou vedette comportant un nom géographique | Organisation non gouvernementale. Amérique : Afrique sub-saharienne |
| 9 (RLIN) | 19860 |
| 650 ## - VEDETTE-MATIÈRE - NOM COMMUN | |
| Source du terme | BI-BuBU |
| Vedette de sujet ou vedette comportant un nom géographique | Afrique sub-saharienne : organisation non gouvernementale. Amérique |
| 9 (RLIN) | 19861 |
| 700 1# - VEDETTE SECONDAIRE - NOM DE PERSONNE | |
| Code de relation | pbd |
| Nom d'auteur | Hatton, Jean-Marie |
| 9 (RLIN) | 19862 |
| 942 ## - ÉLÉMENTS D'ENTRÉE ADDITIONNELLE (KOHA) | |
| Source de la classification ou du système de rangement | |
| Type d item koha | BOOK |
No items available.